UNIX V. Príručka správce systému /

Gespeichert in:
Bibliographische Detailangaben
1. Verfasser: Hnát, Jiří (Verfasst von)
Format: Buch
Sprache:Tschechisch
Veröffentlicht: Praha : Grada, 1993
Ausgabe:1.vyd.
Tags: Tag hinzufügen
Keine Tags, Fügen Sie das erste Tag hinzu!

MARC

LEADER 00000nam a22000003a 4500
001 stu6621
005 20150617225809.4
008 941001s1993----xr------------------cze-d
020 |a 80-7169-008-2 
040 |a STU  |b slo 
041 0 |a cze 
044 |a xr 
080 |a UNIX V 
080 |a 519.68 
080 |a 681.32.066 
100 1 |a Hnát, Jiří  |4 aut 
245 1 |a UNIX V. Príručka správce systému /  |c [aut.] Hnát,Jiří 
250 |a 1.vyd. 
260 |a Praha :  |b Grada,  |c 1993 
300 |a 351 s 
996 |b E79356  |c E*79356  |l EE08  |s P  |a 0  |w stu6621_0002 
996 |c I*9OP4886  |l I  |s A  |a 24  |w stu6621_0003